Every Ye (Kanye) Song Over 1 Billion Streams - Statistics

General Stats
  • This quiz has been taken 30 times
    9 since last reset
  • The average score is 13 of 14
Answer Stats
Amount Of Streams Album Song % Correct
1,294,203,721 Yeezus Bound 2
100%
1,436,219,012 The Life Of Pablo Father Stretch My Hands Pt. 1
100%
1,628,175,256 Graduation Flashing Lights
100%
1,463,390,488 Late Registration Gold Digger
100%
1,888,726,527 808's And Heartbreak Heartless
100%
1,762,494,834 Watch The Throne N***as In Paris
100%
1,136,501,152 My Beautiful Dark Twisted Fantasy POWER
100%
1,095,381,113 My Beautiful Dark Twisted Fantasy Runaway
100%
1,732,888,802 Graduation Stronger
100%
1,007,753,975 The College Dropout All Falls Down
89%
1,001,240,389 Graduation Homecoming
89%
1,086,446,578 Graduation I Wonder
89%
1,002,442,702 [Shine] American Boy
67%
1,326,881,135 (Single) FourFiveSeconds
67%
No matching quizzes found
Score Distribution
Percent of People with Each Score
Percentile by Number Answered
Your Score History
You have not taken this quiz since the last reset